Philosphy the power of ideas (Record no. 3658)

MARC details
000 -LEADER
fixed length control field 00414nam a22001577a 4500
008 - FIXED-LENGTH DATA ELEMENTS--GENERAL INFORMATION
fixed length control field 250524b |||||||| |||| 00| 0 eng d
020 ## - INTERNATIONAL STANDARD BOOK NUMBER
ISBN 9781260084689
100 ## - MAIN ENTRY--AUTHOR
Author Moore, Noel Brooke
245 ## - TITLE STATEMENT
Title Philosphy the power of ideas
250 ## - EDITION STATEMENT
Edition statement 10th
260 ## - PUBLICATION, DISTRIBUTION, ETC. (IMPRINT)
Place of publication New york
Name of publisher Mc Graw-hill education
Date of publication 2019
300 ## - COLLATION
Pagination xxii, 502p.
650 ## - TRACINGS
Main Subject Reading (higher education)
942 ## - ADDED ENTRY ELEMENTS (KOHA)
Item type Books
050 ## - LIBRARY OF CONGRESS CALL NUMBER
Classification number LB2395.3
Item number .M66
Holdings
Source of classification or shelving scheme Not for loan Permanent location Current location Date acquired Accession No. Full call number Barcode. Koha item type
Library of Congress Classification   Samuel Ogbemudia Main Library, University of Abuja Samuel Ogbemudia Main Library, University of Abuja 05/24/2025 2021/58147 LB2395.3.M66 2025-2154 Books